Original suffer head/I.T.T. (Record no. 80)
[ view plain ]
| 000 -LEADER | |
|---|---|
| fixed length control field | 01615cjm a22004691a 4500 |
| 001 - CONTROL NUMBER | |
| control field | 12491393 |
| 005 - DATE AND TIME OF LATEST TRANSACTION | |
| control field | 20200421093818.0 |
| 007 - PHYSICAL DESCRIPTION FIXED FIELD--GENERAL INFORMATION | |
| fixed length control field | sd|zsngnnmmned |
| 008 - FIXED-LENGTH DATA ELEMENTS--GENERAL INFORMATION | |
| fixed length control field | 010802p20001997cauppn def d |
| 010 ## - LIBRARY OF CONGRESS CONTROL NUMBER | |
| LC control number | 2001568750 |
| 024 1# - OTHER STANDARD IDENTIFIER | |
| Standard number or code | 731454738224 |
| 028 02 - PUBLISHER OR DISTRIBUTOR NUMBER | |
| Publisher or distributor number | 314 547 382-2 |
| Source | MCA Records |
| 035 ## - SYSTEM CONTROL NUMBER | |
| System control number | (DLC) 2001568750 |
| 035 ## - SYSTEM CONTROL NUMBER | |
| System control number | (OCoLC)ocm47799190 |
| 040 ## - CATALOGING SOURCE | |
| Original cataloging agency | PSM |
| Transcribing agency | PSM |
| Modifying agency | DLC |
| 042 ## - AUTHENTICATION CODE | |
| Authentication code | lcderive |
| 043 ## - GEOGRAPHIC AREA CODE | |
| Geographic area code | f-nr--- |
| 050 00 - LIBRARY OF CONGRESS CALL NUMBER | |
| Classification number | SDA 33251 |
| 100 0# - MAIN ENTRY--PERSONAL NAME | |
| Personal name | Fela, |
| Dates associated with a name | 1938-1997 |
| 9 (RLIN) | 76 |
| 245 10 - TITLE STATEMENT | |
| Title | Original suffer head/I.T.T. |
| Medium | [sound recording] |
| 246 3# - VARYING FORM OF TITLE | |
| Title proper/short title | Original sufferhead/I.T.T. |
| 246 3# - VARYING FORM OF TITLE | |
| Title proper/short title | Original suffer head : |
| Remainder of title | ITT |
| 246 30 - VARYING FORM OF TITLE | |
| Title proper/short title | I.T.T. |
| 246 30 - VARYING FORM OF TITLE | |
| Title proper/short title | ITT |
| 260 ## - PUBLICATION, DISTRIBUTION, ETC. | |
| Place of publication, distribution, etc. | Universal City, CA : |
| Name of publisher, distributor, etc. | MCA Records, |
| Date of publication, distribution, etc. | 2000, p1997. |
| 300 ## - PHYSICAL DESCRIPTION | |
| Extent | 1 sound disc : |
| Other physical details | digital ; |
| Dimensions | 4 3/4 in. |
| 490 1# - SERIES STATEMENT | |
| Series statement | Fela originals |
| 500 ## - GENERAL NOTE | |
| General note | Arranged, composed & produced by Fela Anikulapo Kuti. |
| 500 ## - GENERAL NOTE | |
| General note | Compact disc. |
| 500 ## - GENERAL NOTE | |
| General note | Lyrics with biographical information and program notes inserted in container. |
| 505 0# - FORMATTED CONTENTS NOTE | |
| Formatted contents note | Original suffer head -- Power show I.T.T. -- I.T.T. (part 1&2) (International Thief Thief). |
| 511 0# - PARTICIPANT OR PERFORMER NOTE | |
| Participant or performer note | Fela Anikulapo Kuti, vocal/piano/tenor saxophone; with Egypt 80 Band. |
| 518 ## - DATE/TIME AND PLACE OF AN EVENT NOTE | |
| Date/time and place of an event note | Recorded 1981-1984. |
| 650 #0 - SUBJECT ADDED ENTRY--TOPICAL TERM | |
| Topical term or geographic name entry element | Popular music |
| Geographic subdivision | Nigeria |
| Chronological subdivision | 1981-1990. |
| 9 (RLIN) | 719 |
| 650 #0 - SUBJECT ADDED ENTRY--TOPICAL TERM | |
| Topical term or geographic name entry element | Protest songs |
| Geographic subdivision | Nigeria. |
| 9 (RLIN) | 77 |
| 650 #0 - SUBJECT ADDED ENTRY--TOPICAL TERM | |
| Topical term or geographic name entry element | World music. |
| 9 (RLIN) | 720 |
| 710 2# - ADDED ENTRY--CORPORATE NAME | |
| Corporate name or jurisdiction name as entry element | Egypt 80 (Musical group) |
| 9 (RLIN) | 78 |
| 800 0# - SERIES ADDED ENTRY--PERSONAL NAME | |
| Personal name | Fela, |
| Dates associated with a name | 1938-1997 |
| Title of a work | Fela originals. |
| 9 (RLIN) | 79 |
| 906 ## - LOCAL DATA ELEMENT F, LDF (RLIN) | |
| a | 7 |
| b | cbc |
| c | copycat |
| d | 3 |
| e | ncip |
| f | 20 |
| g | y-genmusic |
| 942 ## - ADDED ENTRY ELEMENTS (KOHA) | |
| Source of classification or shelving scheme | Dewey Decimal Classification |
| Koha item type | Books |
| Withdrawn status | Lost status | Damaged status | Not for loan | Collection | Home library | Current library | Shelving location | Date acquired | Barcode | Date last seen | Price effective from | Koha item type |
|---|---|---|---|---|---|---|---|---|---|---|---|---|
| Reference | Centerville | Centerville | Audio visual | 09/04/2014 | 39999000003291 | 09/04/2014 | 09/04/2014 | Music | ||||
| Reference | Fairview | Fairview | Audio visual | 09/04/2014 | 39999000003314 | 09/04/2014 | 09/04/2014 | Music |